000 00529cam a2200169 a 4500
020 _a9780857937889
020 _a085793788X
050 0 0 _aHD82
_b.E28 2012
245 0 0 _aEconomic development as a learning process :
_bvariation across sectoral systems /
_cedited by Franco Malerba, Richard R. Nelson.
260 _aCheltenham :
_bEdward Elgar,
_cc2012.
300 _avii, 314 p. :
650 0 _xEconomic aspects.
650 0 _xEconomic aspects.
700 1 _aMalerba, Franco,
700 1 _aNelson, Richard R.
942 _2lcc
_cGEN
999 _c7580
_d7580